| 000 | 01354nam a22002777a 4500 | ||
|---|---|---|---|
| 999 |
_c864 _d864 |
||
| 003 | AR-CdUCM | ||
| 008 | 190225b ||||| |||| 00| 0 spa d | ||
| 020 | _a8483870584 | ||
| 040 |
_aMUNICIPALIDAD PROVINCIAL DEL CUSCO _cBIBLIOTECA MUNICIPAL DEL CUSCO |
||
| 082 |
_a985.009 / _b A18L |
||
| 100 |
_aeuridan Huys, Johan _93303 |
||
| 245 |
_aJosé de Acosta y el origen de la idea de misión : _bPerú, siglo XVI / |
||
| 260 |
_aCusco : _bCentro de Estudios Regionales Andinos "Bartolomé de las Casas" _c1997. |
||
| 300 |
_a23 páginas ; _c21 cm. |
||
| 440 |
_aCuadernos para la historia de la evangelización en América Latina ; _n19 _93304 |
||
| 500 | _aReflexiones sobre la proyección pastoral de Acosta en torno al proceso de evangelización en un momento histórico, decisivo para: los destinos espirituales y temporales de la Iglesia, los intereses de la corona española en América y la implantación de la Compañía de Jesús en el mismo mundo. | ||
| 650 |
_aHistoria peruana _91316 |
||
| 650 |
_aIglesia Católica _93151 |
||
| 650 |
_aÉpoca Colonial _9645 |
||
| 650 |
_aConcilios y sínodos _93305 |
||
| 650 |
_aLima _9231 |
||
| 710 |
_aCentro de Estudios Regionales Andinos Bartolomé de Las Casas (Cusco) _93306 |
||
| 710 |
_aUniversidad de San Martín de Porres (Lima). _93307 |
||
| 942 |
_2ddc _cLIBROS |
||
| 945 |
_araen _d2019-02-25 |
||